1842 1590 1947 1600 1160 1617 1774 1302 1680 1557 1100 1113 1083 1119 1055 1566 1808 1984 1012 1395 1107 1996 1931 1349 1591 1720 1076 1924 1550 1471 1189 1503 1192 1753 1070 1378 1159 1059 1670 1700 1314 1953 1252 1550 1919 1409 1057 1106 1399 1454 1005 1648 1204 1254 1114 1135 1375 1819 1965 1430 1390 1992 1751 1697 1957 1619 1983 1127 1974 1061 1337 1517 1286 1339 1705 1133 1609 1543 1223 1509 1390 1141 1394 1560 1650 1456 1819 1699 1308 1355 1808 1108 1613 1776 1890 1015 1412 1652 1425 BCNSPRNW ULIB Ver.6.0+V

เปลี่ยนเป็นภาษาไทย

Change to English
 แสดงรายละเอียดบรรณานุกรม
  กลับหน้าหลัก

Brief Record : Get Marc (ISO 2709) : E-mail record : QR code < ปิดหน้าต่าง
LEADER : 00000nam 2200000uu 4500
001    13399115293
003     ULIB
008    120809s2554||||th 000 0 tha d
020    ^a9786161104405
060 04 ^aWA540.JT3^bก252
245 00 ^aการสาธารณสุขไทย พ.ศ. 2551-2553 /^cกระทรวงสาธารณสุข
260    ^aกรุงเทพฯ :^bกระทรวงสาธารณสุข ,^c2554
300    ^a506 :^bภาพประกอบสี, แผนที่ ;^c29 ซม.
310    ^aราย 2 ปี
500    ^aบรรณาธิการ: สุวิทย์ วิบุลผลประเสริฐ
500    ^aข้อมูลส่วนใหญ่เป็นตาราง
610 27 ^aกระทรวงสาธารณสุข^xประวัติ
650  2 ^aPublic Health Administration
650  2 ^aPublic Health^zThailand
650  7 ^aสาธารณสุข^zไทย^vสถิติ
650  7 ^aวิสัยทัศน์กับสุขภาพ
650  7 ^aปัญหาสุขภาพ^zไทย^vสถิติ
700 0  ^aสุวิทย์ วิบุลผลประเสริฐ,^eบรรณาธิการ
710 2  ^aสำนักนโยบายและแผนสาธารณสุข
945    ^p0^l0^i19210
995    ^aทศพร
999 ^a ใช้งานได้ทุกระบบ
รายการนี้ยังไม่มีแท็ก
คุณยังไม่ได้ล็อกอิน คุณสามารถมีกิจกรรมร่วมกับเว็บไซต์ได้ แต่ต้องล็อกอินก่อน ::
  ล็อกอิน

รายการสื่อสารสนเทศ

ลำดับที่ ประเภท เลขเรียก/บาร์โค้ด สถานที่ สถานะ
1. วิทยาศาสตร์การแพทย์ และสุขภาพ
วิทยาศาสตร์การแพทย์ และสุขภาพ
WA540.JT3 ก252 ฉ.1 
  Barcode: 19210
ห้องสมุดวิทยาเขตนครสวรรค์
►ส่วนจัดเก็บหนังสือเก่า นว.
บนชั้น
  ขอยืม

รายการใกล้เคียง
    หัวเรื่อง [Public Health Administration]
    หัวเรื่อง [วิสัยทัศน์กับสุขภาพ]

BibComment


ยังไม่เคยถูกคอมเมนท์

คอมเมนท์ทรัพยากรรายการนี้
  คอมเมนท์: การสาธารณสุขไทย ..


 Copyright 2026. Bcnsprnw @Library